[Event "Czech Open GM 2019"]
[Site "Pardubice"]
[Date "2019.07.26"]
[Round "8.41"]
[White "Krishna Teja, N."]
[Black "Berzina, Ilze"]
[Result "1/2-1/2"]
[WhiteElo "2368"]
[BlackElo "2249"]
[Annotator "TA"]
[PlyCount "154"]
[EventDate "2019.07.19"]
[EventType "swiss"]
[EventCountry "CZE"]
[SourceTitle "playchess.com"]
[Source "ChessBase"]
[SourceQuality "1"]

1. d4 d5 2. c4 c6 3. Nf3 Nf6 4. e3 Bf5 5. cxd5 cxd5 6. Nc3 e6 7. Ne5 Nfd7 8. f4 Nxe5 9. fxe5 Nc6 10. Be2 Be7 11. O-O O-O 12. Bg4 Bg6 13. Bd2 Rc8 14. Ne2 Nb4 15. Nf4 Bc2 16. Qe2 Qb6 17. Rfc1 Be4 18. Bc3 Rc6 19. Bf3 Bxf3 20. Qxf3 f6 21. exf6 Rxf6 22. Qg4 Bd6 23. Nh5 Rg6 24. Qf3 Qc7 25. h3 Rg5 26. g4 e5 27. dxe5 Rxe5 28. Rf1 Rxc3 29. bxc3 Nc2 30. Nf4 Nxa1 31. Nxd5 Qd7 32. Rxa1 h5 33. Rd1 hxg4 34. hxg4 Rg5 35. Rd4 Qe6 36. c4 b5 37. cxb5 Bc5 38. Nc7 Qxa2 39. Rd8+ Kh7 40. Qe4+ Rg6 41. g5 Qe2 42. Qh4+ Rh6 43. g6+ Kxg6 44. Qe4+ Kf7 45. Qe8+ Kf6 46. Qc6+ Kf7 47. Qe8+ Kf6 48. Qc6+ Kf7 49. Qd5+ Kg6 50. Qe4+ Kf7 51. Qf5+ Rf6 52. Rd7+ Be7 53. Qd5+ Kg6 54. Qg2+ Qxg2+ 55. Kxg2 Bc5 56. Nd5 Rd6 57. Nf4+ Kf5 58. Rf7+ Ke4 59. Re7+ Kf5 60. Kf3 g5 61. e4+ Kf6 62. Rc7 Bd4 63. Nd5+ Kg6 64. Ne7+ Kh5 65. Nf5 Rf6 66. Rh7+ Kg6 67. Rd7 Bb6 68. Rg7+ Kh5 69. Rg8 Bc5 70. Kg3 Rb6 71. Rh8+ Kg6 72. Rc8 Rxb5 73. Rc6+ Kf7 74. Kg4 Be7 75. Nxe7 Kxe7 76. Rc7+ Ke6 77. Rxa7 Rb4 1/2-1/2

[Event "Czech Open GM 2019"]
[Site "Pardubice"]
[Date "2019.07.26"]
[Round "8.41"]
[White "Kutynec, Vladimir"]
[Black "Petr, Jan"]
[Result "1-0"]
[WhiteElo "2252"]
[BlackElo "2282"]
[Annotator "NA"]
[PlyCount "65"]
[EventDate "2019.07.19"]
[EventType "swiss"]
[EventCountry "CZE"]
[SourceTitle "playchess.com"]
[Source "ChessBase"]
[SourceQuality "1"]

1. Nf3 Nf6 2. c4 c5 3. g3 Nc6 4. Bg2 g6 5. O-O Bg7 6. d4 cxd4 7. Nxd4 O-O 8. Nc3 Nxd4 9. Qxd4 d6 10. Qd3 a6 11. Rd1 Bf5 12. e4 Bg4 13. f3 Be6 14. Be3 Qc7 15. Nd5 Bxd5 16. cxd5 Nd7 17. Qd2 Rac8 18. Rac1 Qb8 19. Bh3 Rxc1 20. Qxc1 Qd8 21. b4 h5 22. Rd2 b5 23. Rc2 f5 24. exf5 gxf5 25. f4 Nb6 26. Qd1 Nc4 27. Bf2 Qa8 28. Re2 Qb7 29. Qd3 Nb2 30. Qb1 Na4 31. Bxf5 Nc3 32. Be6+ Kh8 33. Qd3 1-0

[Event "Czech Open GM 2019"]
[Site "Pardubice"]
[Date "2019.07.26"]
[Round "8.42"]
[White "Zlatin, Alexander"]
[Black "Colpe, Malte"]
[Result "1/2-1/2"]
[WhiteElo "2270"]
[BlackElo "2367"]
[Annotator "NA"]
[PlyCount "31"]
[EventDate "2019.07.19"]
[EventType "swiss"]
[EventCountry "CZE"]
[SourceTitle "playchess.com"]
[Source "ChessBase"]
[SourceQuality "1"]

1. e4 e5 2. Nf3 Nc6 3. Bb5 Nf6 4. O-O Nxe4 5. Re1 Nd6 6. Bf1 Be7 7. Nxe5 Nf5 8. Nf3 O-O 9. d4 d5 10. c3 Re8 11. Bf4 Bd6 12. Rxe8+ Qxe8 13. Bxd6 Nxd6 14. Bd3 Bf5 15. Bxf5 Nxf5 16. Nbd2 1/2-1/2

[Event "Czech Open GM 2019"]
[Site "Pardubice"]
[Date "2019.07.26"]
[Round "8.42"]
[White "Suta, Andraz"]
[Black "Iliaguev, Daniel"]
[Result "1-0"]
[WhiteElo "2251"]
[BlackElo "2053"]
[Annotator "NA"]
[PlyCount "65"]
[EventDate "2019.07.19"]
[EventType "swiss"]
[EventCountry "CZE"]
[SourceTitle "playchess.com"]
[Source "ChessBase"]
[SourceQuality "1"]

1. e4 e6 2. d4 d5 3. Nd2 Nf6 4. e5 Nfd7 5. Bd3 c5 6. c3 Nc6 7. Ne2 Rb8 8. O-O b5 9. f4 g6 10. Nf3 Qb6 11. g4 b4 12. Kg2 Ba6 13. Bxa6 Qxa6 14. f5 gxf5 15. gxf5 bxc3 16. bxc3 Ne7 17. Ng3 Nxf5 18. Nxf5 exf5 19. Nh4 Qc4 20. Nxf5 Qxc3 21. e6 fxe6 22. Qh5+ Kd8 23. Bg5+ Kc8 24. Qe8+ Kc7 25. Bf4+ e5 26. Bxe5+ Nxe5 27. Qxe5+ Kc8 28. Qxh8 Rb2+ 29. Kg1 Qd2 30. Qxf8+ Kc7 31. Qxc5+ Kb8 32. Qd6+ Kb7 33. Qg3 1-0

[Event "Czech Open GM 2019"]
[Site "Pardubice"]
[Date "2019.07.26"]
[Round "8.43"]
[White "Martin, Julian"]
[Black "Arpita, Mukherjee"]
[Result "0-1"]
[WhiteElo "2363"]
[BlackElo "2248"]
[Annotator "TA"]
[PlyCount "116"]
[EventDate "2019.07.19"]
[EventType "swiss"]
[EventCountry "CZE"]
[SourceTitle "playchess.com"]
[Source "ChessBase"]
[SourceQuality "1"]

1. e4 c5 2. Nf3 d6 3. Nc3 e5 4. Bc4 Be7 5. d3 Nf6 6. Nd2 a6 7. a4 Nc6 8. Nf1 Bg4 9. f3 Be6 10. Ne3 Nb4 11. O-O O-O 12. Qe2 Nd7 13. Ncd5 Nb6 14. Nxb6 Qxb6 15. c3 Nc6 16. Nd5 Qd8 17. f4 exf4 18. Bxf4 Ne5 19. Bxe5 dxe5 20. a5 Qd6 21. Nb6 Rad8 22. Bd5 Bxd5 23. Nxd5 g6 24. c4 Rd7 25. Rf3 Bd8 26. Raf1 f6 27. g4 Rdf7 28. Qf2 Kh8 29. Qd2 Qe6 30. h3 f5 31. Qf2 f4 32. Qxc5 h5 33. gxh5 gxh5 34. Kf2 Rg8 35. Qb4 Rg3 36. Ke2 Rxh3 37. Qc3 Rxf3 38. Rxf3 Rg7 39. b4 h4 40. d4 Rg2+ 41. Ke1 Qg6 42. Qd3 Ra2 43. Nc3 Ra1+ 44. Ke2 Qg1 45. Qd2 Bg5 46. Kd3 Qxd4+ 47. Kc2 Qxc4 48. Qd6 Ra2+ 49. Kc1 Rg2 50. Qxe5+ Kh7 51. Qf5+ Kh6 52. Qe5 Rg1+ 53. Kc2 Rg2+ 54. Kc1 Rg3 55. Qh8+ Kg6 56. Rxg3 fxg3+ 57. Kc2 g2 58. Qe8+ Qf7 0-1

[Event "Czech Open GM 2019"]
[Site "Pardubice"]
[Date "2019.07.26"]
[Round "8.43"]
[White "Jurek, Josef"]
[Black "Kim, Andrey"]
[Result "1/2-1/2"]
[WhiteElo "2247"]
[BlackElo "2048"]
[Annotator "NA"]
[PlyCount "55"]
[EventDate "2019.07.19"]
[EventType "swiss"]
[EventCountry "CZE"]
[SourceTitle "playchess.com"]
[Source "ChessBase"]
[SourceQuality "1"]

1. c4 c6 2. d4 d5 3. cxd5 cxd5 4. Bg5 g6 5. Nc3 Nc6 6. e3 h6 7. Bh4 Bg7 8. Qb3 g5 9. Bg3 Nf6 10. Bd3 O-O 11. Nf3 e6 12. Ne5 Nh5 13. Nxc6 bxc6 14. Rc1 Nxg3 15. hxg3 e5 16. dxe5 d4 17. exd4 Qxd4 18. Be2 Be6 19. Qa3 Qxe5 20. O-O Rfb8 21. b3 a5 22. Bf3 a4 23. Bxc6 Bf8 24. Qb2 axb3 25. axb3 Rxb3 26. Qe2 Ra5 27. Qxe5 Rxe5 28. Ne4 1/2-1/2

[Event "Czech Open GM 2019"]
[Site "Pardubice"]
[Date "2019.07.26"]
[Round "8.44"]
[White "Grela, Kacper"]
[Black "Berdnyk, Mariia"]
[Result "0-1"]
[WhiteElo "2354"]
[BlackElo "2247"]
[Annotator "NA"]
[PlyCount "68"]
[EventDate "2019.07.19"]
[EventType "swiss"]
[EventCountry "CZE"]
[SourceTitle "playchess.com"]
[Source "ChessBase"]
[SourceQuality "1"]

1. d4 Nf6 2. Nf3 g6 3. c4 Bg7 4. Nc3 O-O 5. e4 d6 6. Be2 e5 7. O-O Nc6 8. d5 Ne7 9. a4 Nd7 10. a5 f5 11. Ng5 Nc5 12. b4 Nxe4 13. Ncxe4 fxe4 14. Nxe4 Nf5 15. a6 h6 16. Bg4 bxa6 17. c5 Rb8 18. Ra4 Bd7 19. c6 Bc8 20. Qd3 Rb6 21. Bd2 Qe7 22. f3 Qf7 23. Rb1 Nd4 24. Bxc8 Rxc8 25. Nc3 Rcb8 26. Rxa6 Rxb4 27. Rxb4 Rxb4 28. Rxa7 e4 29. Nxe4 Rb3 30. Bc3 Nb5 31. Rb7 Rxc3 32. Qxb5 Bd4+ 33. Kf1 Qf4 34. Qb1 Rc1+ 0-1

[Event "Czech Open GM 2019"]
[Site "Pardubice"]
[Date "2019.07.26"]
[Round "8.44"]
[White "Simet, Martin"]
[Black "Beukes, Dante M"]
[Result "0-1"]
[WhiteElo "2244"]
[BlackElo "2016"]
[Annotator "NA"]
[PlyCount "42"]
[EventDate "2019.07.19"]
[EventType "swiss"]
[EventCountry "CZE"]
[SourceTitle "playchess.com"]
[Source "ChessBase"]
[SourceQuality "1"]

1. e4 c5 2. Nf3 d6 3. d4 cxd4 4. Nxd4 Nf6 5. f3 e5 6. Nb3 d5 7. Bg5 d4 8. c3 Nc6 9. Bb5 h6 10. Bh4 Qb6 11. a4 Be6 12. cxd4 Bb4+ 13. N1d2 Bxb3 14. Qxb3 Qxd4 15. O-O-O O-O 16. Nc4 Qc5 17. Bxc6 bxc6 18. Qc2 Qe7 19. f4 Qe6 20. Bxf6 Qxf6 21. Nxe5 Qxf4+ 0-1

[Event "Czech Open GM 2019"]
[Site "Pardubice"]
[Date "2019.07.26"]
[Round "8.45"]
[White "Moksh Amit Doshi"]
[Black "Parkhov, Yair"]
[Result "1-0"]
[WhiteElo "2229"]
[BlackElo "2354"]
[Annotator "TA"]
[PlyCount "91"]
[EventDate "2019.07.19"]
[EventType "swiss"]
[EventCountry "CZE"]
[SourceTitle "playchess.com"]
[Source "ChessBase"]
[SourceQuality "1"]

1. d4 Nf6 2. c4 g6 3. Nc3 d5 4. cxd5 Nxd5 5. e4 Nxc3 6. bxc3 Bg7 7. Nf3 c5 8. Be3 Qa5 9. Qd2 Nc6 10. Rb1 a6 11. Rc1 cxd4 12. cxd4 Qxd2+ 13. Kxd2 f5 14. e5 O-O 15. Bc4+ e6 16. g3 h6 17. h4 Bd7 18. Ke2 Rfc8 19. d5 Nd8 20. Nd4 exd5 21. Bxd5+ Kf8 22. e6 Bc6 23. Nxc6 Nxc6 24. Rb1 Rab8 25. Bc5+ Ne7 26. Bd6 Rc2+ 27. Kf3 Bd4 28. Rhf1 Rd8 29. Bxe7+ Kxe7 30. Rxb7+ Kd6 31. Bb3 Rd2 32. Kg2 g5 33. e7 Re8 34. Re1 Rxf2+ 35. Kh1 f4 36. Re6+ Kc5 37. Rc7+ Kb5 38. Bc4+ Kb4 39. Re4 Rd2 40. Bf7 f3 41. Bxe8 Rd1+ 42. Kh2 f2 43. Rxd4+ Rxd4 44. Kg2 gxh4 45. gxh4 Rd1 46. Kxf2 1-0

[Event "Czech Open GM 2019"]
[Site "Pardubice"]
[Date "2019.07.26"]
[Round "8.46"]
[White "Radeva, Viktoria"]
[Black "Roshka, Yevgeniy"]
[Result "1-0"]
[WhiteElo "2247"]
[BlackElo "2353"]
[Annotator "TA"]
[PlyCount "55"]
[EventDate "2019.07.19"]
[EventType "swiss"]
[EventCountry "CZE"]
[SourceTitle "playchess.com"]
[Source "ChessBase"]
[SourceQuality "1"]

1. e4 g6 2. d4 d6 3. Nc3 Bg7 4. g3 Nc6 5. Nge2 Bg4 6. Qd3 Nf6 7. Bg2 O-O 8. O-O Qc8 9. a3 e5 10. d5 Ne7 11. f4 exf4 12. gxf4 Nh5 13. Ng3 f5 14. Nxh5 Bxh5 15. Re1 fxe4 16. Nxe4 Re8 17. Bd2 Bg4 18. Bc3 Nf5 19. Bxg7 Kxg7 20. Qc3+ Kh6 21. Nf6 Rxe1+ 22. Rxe1 Bh5 23. Nxh5 Qh8 24. Nf6 Rf8 25. Re6 c5 26. Ng4+ Kh5 27. Qh3+ Nh4 28. Bf3 1-0

[Event "Czech Open GM 2019"]
[Site "Pardubice"]
[Date "2019.07.26"]
[Round "8.48"]
[White "Voinikonis, Nikita"]
[Black "Seger, Ruediger"]
[Result "1/2-1/2"]
[WhiteElo "2137"]
[BlackElo "2350"]
[Annotator "NA"]
[PlyCount "59"]
[EventDate "2019.07.19"]
[EventType "swiss"]
[EventCountry "CZE"]
[SourceTitle "playchess.com"]
[Source "ChessBase"]
[SourceQuality "1"]

1. e4 c6 2. d3 d5 3. Nd2 e5 4. Ngf3 Nd7 5. g3 Ngf6 6. Bg2 Bd6 7. O-O O-O 8. Re1 Re8 9. h3 dxe4 10. dxe4 Qc7 11. Nh4 Bf8 12. Qf3 g6 13. Nc4 Bg7 14. Be3 b5 15. Nd2 Bb7 16. a4 a6 17. Qe2 Bf8 18. Nb3 Nb6 19. axb5 axb5 20. Nc5 Nc4 21. Nxb7 Nxe3 22. Qxe3 Qxb7 23. Rxa8 Rxa8 24. Nf3 Qc7 25. Qc3 Bd6 26. Bf1 Ra4 27. Qd3 Bc5 28. Kg2 Qe7 29. c3 Ra7 30. b4 1/2-1/2

[Event "Czech Open GM 2019"]
[Site "Pardubice"]
[Date "2019.07.26"]
[Round "8.49"]
[White "Jasny, Stanislav"]
[Black "Dev, Shah"]
[Result "1/2-1/2"]
[WhiteElo "2345"]
[BlackElo "2147"]
[Annotator "TA"]
[PlyCount "40"]
[EventDate "2019.07.19"]
[EventType "swiss"]
[EventCountry "CZE"]
[SourceTitle "playchess.com"]
[Source "ChessBase"]
[SourceQuality "1"]

1. d4 d5 2. c4 c6 3. Nf3 Nf6 4. e3 e6 5. Bd3 Nbd7 6. O-O dxc4 7. Bxc4 b5 8. Bd3 Bd6 9. a4 b4 10. Nbd2 Qe7 11. Nc4 O-O 12. Nfe5 Bb7 13. Nxd7 Nxd7 14. Na5 Nf6 15. Nxb7 Qxb7 16. e4 e5 17. f4 Qb6 18. Be3 exf4 19. a5 Qd8 20. Bf2 Bc7 1/2-1/2

[Event "Czech Open GM 2019"]
[Site "Pardubice"]
[Date "2019.07.26"]
[Round "8.50"]
[White "Shpanko, Nadiia"]
[Black "Domogaev, Sergey"]
[Result "1/2-1/2"]
[WhiteElo "2132"]
[BlackElo "2332"]
[Annotator "NA"]
[PlyCount "34"]
[EventDate "2019.07.19"]
[EventType "swiss"]
[EventCountry "CZE"]
[SourceTitle "playchess.com"]
[Source "ChessBase"]
[SourceQuality "1"]

1. e4 e5 2. Nf3 Nf6 3. Nxe5 d6 4. Nf3 Nxe4 5. Qe2 Qe7 6. d3 Nf6 7. Bg5 Qxe2+ 8. Bxe2 Be7 9. Nc3 c6 10. Ne4 Nbd7 11. Nxf6+ Bxf6 12. Bxf6 Nxf6 13. O-O O-O 14. Rfe1 Re8 15. h3 Bd7 16. Bf1 Kf8 17. c3 Rxe1 1/2-1/2

[Event "Czech Open GM 2019"]
[Site "Pardubice"]
[Date "2019.07.26"]
[Round "8.51"]
[White "Rakshitta Ravi"]
[Black "Van Dael, Siem"]
[Result "1-0"]
[WhiteElo "2112"]
[BlackElo "2319"]
[Annotator "NA"]
[PlyCount "39"]
[EventDate "2019.07.19"]
[EventType "swiss"]
[EventCountry "CZE"]
[SourceTitle "playchess.com"]
[Source "ChessBase"]
[SourceQuality "1"]

1. Nf3 Nf6 2. g3 d5 3. Bg2 c5 4. O-O Nc6 5. d4 e6 6. c4 dxc4 7. Ne5 Nxe5 8. dxe5 Nd7 9. Na3 Nxe5 10. Qxd8+ Kxd8 11. Rd1+ Nd7 12. Nxc4 f6 13. Be3 Kc7 14. b4 cxb4 15. Rac1 Kd8 16. Na5 Ke7 17. Nxb7 Rb8 18. Na5 Ne5 19. Rc7+ Bd7 20. Nc6+ 1-0

[Event "Czech Open GM 2019"]
[Site "Pardubice"]
[Date "2019.07.26"]
[Round "8.52"]
[White "Goriatchkin, Jouri"]
[Black "Kumala, Aleksander"]
[Result "1-0"]
[WhiteElo "2316"]
[BlackElo "2184"]
[Annotator "NA"]
[PlyCount "61"]
[EventDate "2019.07.19"]
[EventType "swiss"]
[EventCountry "CZE"]
[SourceTitle "playchess.com"]
[Source "ChessBase"]
[SourceQuality "1"]

1. d4 e6 2. c4 b6 3. e4 Bb7 4. Bd3 f5 5. exf5 Bxg2 6. Qh5+ g6 7. fxg6 Bg7 8. gxh7+ Kf8 9. Ne2 Nf6 10. Qh4 Bxh1 11. Bg5 Qe7 12. Nf4 Qf7 13. Nc3 Rxh7 14. Bxh7 Nxh7 15. Qxh7 Bxd4 16. Qd3 Qg7 17. h4 Bxc3+ 18. bxc3 Qe5+ 19. Kd2 Be4 20. Ng6+ Bxg6 21. Qxg6 Qf5 22. Qh6+ Kf7 23. Qh5+ Kf8 24. Qh8+ Kf7 25. Qh5+ Kf8 26. Qh8+ Kf7 27. f4 Nc6 28. Qxa8 Qh3 29. Re1 Qg2+ 30. Re2 Qf3 31. Qc8 1-0

[Event "Czech Open GM 2019"]
[Site "Pardubice"]
[Date "2019.07.27"]
[Round "9.1"]
[White "Karthik Venkataraman"]
[Black "Milikow, Yoav"]
[Result "1/2-1/2"]
[WhiteElo "2480"]
[BlackElo "2186"]
[Annotator "ChessBase"]
[PlyCount "77"]
[EventDate "2019.07.19"]
[EventType "swiss"]
[EventCountry "CZE"]
[SourceTitle "playchess.com"]
[Source "ChessBase"]
[SourceQuality "1"]

1. e4 e6 2. d4 d5 3. Nc3 Bb4 4. exd5 exd5 5. Bd3 Nc6 6. Nf3 Nge7 7. O-O O-O 8. Ne2 Bf5 9. Ng3 Bxd3 10. Qxd3 Qd7 11. Ng5 g6 12. Nf3 Bd6 13. Bh6 Rfe8 14. Bg5 Bxg3 15. fxg3 Nf5 16. Qd2 Re4 17. c3 Rae8 18. Rf2 R8e6 19. Raf1 Qe8 20. Bf4 Ne3 21. Bxe3 Rxe3 22. Ng5 Re2 23. Qf4 Rxf2 24. Qxf2 Re2 25. Qf3 Re1 26. Nh3 Na5 27. b3 c6 28. Kf2 Re7 29. Nf4 b6 30. Nd3 Nb7 31. Ne5 Nd6 32. Kg1 Ne4 33. Qe3 f6 34. Ng4 Qf8 35. c4 h5 36. Ne5 Qe8 37. cxd5 cxd5 38. Nd3 Nc5 39. Qf3 1/2-1/2

[Event "Czech Open GM 2019"]
[Site "Pardubice"]
[Date "2019.07.27"]
[Round "9.1"]
[White "Kozak, Adam"]
[Black "Laznicka, Viktor"]
[Result "1/2-1/2"]
[WhiteElo "2475"]
[BlackElo "2658"]
[Annotator "ChessBase"]
[PlyCount "24"]
[EventDate "2019.07.19"]
[EventType "swiss"]
[EventCountry "CZE"]
[SourceTitle "playchess.com"]
[Source "ChessBase"]
[SourceQuality "1"]

1. d4 d5 2. c4 dxc4 3. Nf3 Nf6 4. e3 e6 5. Bxc4 a6 6. O-O b5 7. Be2 Bb7 8. a3 Nbd7 9. b4 c6 10. Nc3 a5 11. Rb1 axb4 12. axb4 Nd5 1/2-1/2

[Event "Czech Open GM 2019"]
[Site "Pardubice"]
[Date "2019.07.27"]
[Round "9.2"]
[White "Movsesian, Sergei"]
[Black "Babula, Vlastimil"]
[Result "1/2-1/2"]
[WhiteElo "2649"]
[BlackElo "2550"]
[Annotator "ChessBase"]
[PlyCount "63"]
[EventDate "2019.07.19"]
[EventType "swiss"]
[EventCountry "CZE"]
[SourceTitle "playchess.com"]
[Source "ChessBase"]
[SourceQuality "1"]

1. e4 c5 2. Nf3 e6 3. d4 cxd4 4. Nxd4 a6 5. Nc3 b5 6. Bd3 Bb7 7. O-O Nc6 8. Nxc6 Bxc6 9. Re1 Qb8 10. a4 b4 11. Nd5 Bd6 12. h3 Ne7 13. Nxe7 Bxe7 14. e5 O-O 15. Be4 Bxe4 16. Rxe4 d5 17. exd6 Qxd6 18. Qxd6 Bxd6 19. Bd2 Rab8 20. Kf1 Be7 21. Rd1 Rfc8 22. c3 bxc3 23. Bxc3 Bf6 24. Bxf6 gxf6 25. b4 f5 26. Rf4 Rc3 27. Rd6 Rb3 28. Rxa6 R8xb4 29. Rxb4 Rxb4 30. a5 Ra4 31. g3 Ra2 32. Kg2 1/2-1/2

[Event "Czech Open GM 2019"]
[Site "Pardubice"]
[Date "2019.07.27"]
[Round "9.3"]
[White "Stocek, Jiri"]
[Black "Deepan Chakkravarthy J."]
[Result "1-0"]
[WhiteElo "2556"]
[BlackElo "2532"]
[Annotator "RC"]
[PlyCount "69"]
[EventDate "2019.07.19"]
[EventType "swiss"]
[EventCountry "CZE"]
[SourceTitle "playchess.com"]
[Source "ChessBase"]
[SourceQuality "1"]

1. d4 Nf6 2. c4 e6 3. Nc3 Bb4 4. e3 O-O 5. Bd3 d5 6. Nf3 c5 7. O-O dxc4 8. Bxc4 Bd7 9. Qe2 Bc6 10. Rd1 Qe7 11. a3 Ba5 12. Bd2 Bb6 13. dxc5 Bxc5 14. b4 Bd6 15. e4 e5 16. Bg5 a6 17. Nh4 g6 18. Rd3 Nbd7 19. Rad1 Bxb4 20. Rxd7 Bxd7 21. Nd5 Nxd5 22. Bxe7 Bxe7 23. Rxd5 Be6 24. Nf3 Rac8 25. h4 Rc7 26. g3 Rfc8 27. Bd3 f6 28. Ra5 Bg4 29. Kg2 Kg7 30. Qb2 Be6 31. Bb1 Kf8 32. Ne1 Rc1 33. Nc2 Rd1 34. Ne3 Re1 35. Ba2 1-0

[Event "Czech Open GM 2019"]
[Site "Pardubice"]
[Date "2019.07.27"]
[Round "9.3"]
[White "Noe, Christopher"]
[Black "Chylewski, Patryk"]
[Result "1/2-1/2"]
[WhiteElo "2534"]
[BlackElo "2376"]
[Annotator "TA"]
[PlyCount "93"]
[EventDate "2019.07.19"]
[EventType "swiss"]
[EventCountry "CZE"]
[SourceTitle "playchess.com"]
[Source "ChessBase"]
[SourceQuality "1"]

1. d4 Nf6 2. c4 e6 3. Nc3 Bb4 4. Nf3 O-O 5. Bg5 d6 6. e3 Nbd7 7. Be2 e5 8. Nd2 Bxc3 9. bxc3 Re8 10. O-O Qe7 11. Bd3 h6 12. Bh4 b6 13. Bf5 Nf8 14. Bxf6 Qxf6 15. Be4 Rb8 16. Qa4 Bd7 17. Qxa7 Ne6 18. Bd5 Qd8 19. Qa3 Ng5 20. f4 exf4 21. exf4 Nh7 22. Rae1 Nf6 23. Bf3 Bg4 24. Bc6 Bd7 25. Bf3 Bg4 26. Bc6 Bd7 27. Qa4 Re7 28. h3 b5 29. Bxb5 Bxb5 30. cxb5 Nd5 31. c4 Rxe1 32. Rxe1 Nxf4 33. Nf3 Ra8 34. Qb3 Qf6 35. Re4 Qf5 36. Qe3 Ne6 37. d5 Nf8 38. Nd4 Qf6 39. a3 Ra4 40. Qb3 Ra8 41. Qe3 Ra4 42. Qb3 Ra8 43. a4 Nd7 44. Qe3 Rxa4 45. Re8+ Kh7 46. Qe4+ Qg6 47. Nc6 1/2-1/2

[Event "Czech Open GM 2019"]
[Site "Pardubice"]
[Date "2019.07.27"]
[Round "9.4"]
[White "Van Foreest, Jorden"]
[Black "Nagy, Gabor"]
[Result "1-0"]
[WhiteElo "2612"]
[BlackElo "2474"]
[Annotator "ChessBase"]
[PlyCount "57"]
[EventDate "2019.07.19"]
[EventType "swiss"]
[EventCountry "CZE"]
[SourceTitle "playchess.com"]
[Source "ChessBase"]
[SourceQuality "1"]

1. c4 Nf6 2. Nc3 g6 3. e4 d6 4. d4 Bg7 5. h3 Nbd7 6. g4 e5 7. d5 h5 8. g5 Nh7 9. Nf3 a5 10. Be3 Nc5 11. Rg1 Bd7 12. Qc2 O-O 13. Nh4 a4 14. O-O-O c6 15. dxc6 bxc6 16. Rxd6 Ne6 17. Nf5 gxf5 18. exf5 Nd4 19. Bxd4 exd4 20. f6 dxc3 21. Bd3 Bxf6 22. Bxh7+ Kh8 23. Rxf6 Qa5 24. g6 Kg7 25. Rxf7+ Rxf7 26. gxf7+ Kxf7 27. Qe4 cxb2+ 28. Kb1 Re8 29. Qf4+ 1-0

[Event "Czech Open GM 2019"]
[Site "Pardubice"]
[Date "2019.07.27"]
[Round "9.4"]
[White "Belyakov, Bogdan"]
[Black "Suleymenov, Alisher"]
[Result "1-0"]
[WhiteElo "2500"]
[BlackElo "2376"]
[Annotator "ChessBase"]
[PlyCount "111"]
[EventDate "2019.07.19"]
[EventType "swiss"]
[EventCountry "CZE"]
[SourceTitle "playchess.com"]
[Source "ChessBase"]
[SourceQuality "1"]

1. e4 e6 2. d4 d5 3. Nc3 Bb4 4. Nge2 Nc6 5. a3 Ba5 6. e5 f6 7. b4 Bb6 8. b5 Na5 9. Nf4 Qe7 10. Na4 Bd7 11. Nxb6 axb6 12. Bd3 O-O-O 13. Qe2 fxe5 14. Qxe5 Nf6 15. O-O Rde8 16. f3 Nc4 17. Bxc4 dxc4 18. a4 Qd6 19. Re1 Nd5 20. Qe4 Nf6 21. Qe5 Nd5 22. Nh5 Qxe5 23. Rxe5 Re7 24. Nf4 Rhe8 25. Bd2 c6 26. bxc6 bxc6 27. a5 b5 28. Kf2 Kb7 29. a6+ Ka8 30. Nxd5 cxd5 31. Bb4 Rf7 32. c3 Bc8 33. Ra5 Bd7 34. Ke3 Bc6 35. g4 Bd7 36. h4 Bc6 37. Bc5 Bd7 38. f4 Rc8 39. Ra1 Re8 40. Kf3 Rc8 41. Ke3 Re8 42. a7 Bc8 43. Ra5 Rb7 44. Kd2 Rf7 45. Rxb5 Bd7 46. Rb4 Rxf4 47. Re1 Rf2+ 48. Kc1 Rf3 49. Kb2 Rc8 50. Rb1 Rxc5 51. dxc5 Bc6 52. Rb6 Ba4 53. Ra1 Rf2+ 54. Ka3 Bd7 55. Rb8+ Kxa7 56. Rb6 1-0

[Event "Czech Open GM 2019"]
[Site "Pardubice"]
[Date "2019.07.27"]
[Round "9.5"]
[White "Martinez Alcantara, Jose Eduardo"]
[Black "Karttunen, Mika"]
[Result "1/2-1/2"]
[WhiteElo "2601"]
[BlackElo "2466"]
[Annotator "TA"]
[PlyCount "123"]
[EventDate "2019.07.19"]
[EventType "swiss"]
[EventCountry "CZE"]
[SourceTitle "playchess.com"]
[Source "ChessBase"]
[SourceQuality "1"]

1. c4 Nf6 2. Nf3 g6 3. g3 Bg7 4. Bg2 O-O 5. O-O d6 6. d4 c6 7. Nc3 Bf5 8. Nh4 Be6 9. d5 cxd5 10. cxd5 Bd7 11. a4 a5 12. Nf3 Na6 13. Nd4 Rc8 14. h3 Rc4 15. Nb3 Nb4 16. Be3 e5 17. dxe6 Bxe6 18. Rc1 d5 19. Nd4 Qe7 20. b3 Rcc8 21. Nxe6 Qxe6 22. Bd4 Rfd8 23. e3 Rc6 24. Ne2 Rdc8 25. Rxc6 bxc6 26. Bb6 Ra8 27. Nf4 Qe7 28. Bd4 Nd7 29. Bxg7 Kxg7 30. Qd4+ Qe5 31. Qxe5+ Nxe5 32. Rc1 Na2 33. Rc5 Nb4 34. Ne2 Nd7 35. Rc3 f5 36. Nd4 Ra6 37. Bf1 Rb6 38. Bb5 Nb8 39. Be2 Nd7 40. g4 c5 41. Nb5 Na2 42. Rc2 Nb4 43. Rc1 Rc6 44. Kg2 Nf6 45. f3 Nd7 46. Rd1 Nb6 47. Kf2 fxg4 48. hxg4 g5 49. Bf1 Kf6 50. Nc3 Kg7 51. Bb5 Rh6 52. Kg3 Re6 53. e4 d4 54. Ne2 Re5 55. Rh1 Nc8 56. Kf2 Nd6 57. Ng3 Re6 58. Bd7 Rh6 59. Nh5+ Kf8 60. Bb5 Nxb5 61. axb5 Rb6 62. Ke2 1/2-1/2

[Event "Czech Open GM 2019"]
[Site "Pardubice"]
[Date "2019.07.27"]
[Round "9.6"]
[White "Basso, Pier Luigi"]
[Black "Hollan, Martin"]
[Result "1-0"]
[WhiteElo "2559"]
[BlackElo "2416"]
[Annotator "ChessBase"]
[PlyCount "107"]
[EventDate "2019.07.19"]
[EventType "swiss"]
[EventCountry "CZE"]
[SourceTitle "playchess.com"]
[Source "ChessBase"]
[SourceQuality "1"]

1. d4 Nf6 2. c4 g6 3. f3 Bg7 4. e4 d6 5. Nc3 O-O 6. Nge2 e5 7. Bg5 c6 8. Qd2 Nbd7 9. d5 cxd5 10. cxd5 a6 11. Nc1 b5 12. b4 Nb6 13. Nb3 Bd7 14. Na5 Rc8 15. Rc1 Nc4 16. Bxc4 bxc4 17. a3 Qb6 18. Be3 Qb8 19. O-O Nh5 20. g3 Rfe8 21. Rb1 f5 22. Nc6 Bxc6 23. dxc6 Nf6 24. b5 axb5 25. Nxb5 Rxc6 26. Na7 Qa8 27. Nxc6 Qxc6 28. Rb6 Qa8 29. Qxd6 fxe4 30. Ra6 Qd5 31. Bg5 Qd4+ 32. Kh1 Nh5 33. g4 Qxd6 34. Rxd6 Bf8 35. Rc6 Ng7 36. fxe4 Bxa3 37. Rxc4 Ne6 38. Bh6 Be7 39. Rc6 Nc5 40. Be3 Nxe4 41. Re6 Nd6 42. Bc5 Nc8 43. Rxe5 Rf8 44. Rxf8+ Kxf8 45. Kg2 Kf7 46. Bxe7 Nxe7 47. Kf3 h6 48. h4 Kf6 49. Ke4 Nc8 50. g5+ hxg5 51. hxg5+ Kf7 52. Rc5 Nb6 53. Rc7+ Kf8 54. Ke5 1-0